00261nam a2200109Ia 4500008004100000100002400041245002800065260002000093260000900113546001200122999001700134170619s9999 xx 000 0 und d aRobbins- Stephen P. 0aOrganizational behavior bNew Delhi P H I c2004 aENGLISH c21977d21977